000 01724nam a2200313 c 4500
003 BLK
005 20180420220930.0
008 180408b bul|||||r ||||||| ||bul||
010 _aKNG00039723000
020 _a5-900003-05-1
_bиздат.: МНИИПУ
040 _aBLK
041 _aRUS
_cRUS
080 _aУправление на предприятията. Организация на производството, търговията, транспорта и съобщенията. Полиграфическа промишленост и издателско дело
_b005
_x.012(035)
_z005.012(035)
080 _aФорми на предприятията в зависимост от отношението към собствеността...
_b334.72
_x(035)
_z334.72(035)
100 1 _aГончаров, Вадим Владимирович
_eпърви автор
_9275070
139 _aГончаров, Вадим Владимирович
_bГ 64
245 1 0 _aВ поисках совершенства управления : Руководство для высшего управленческого персонала
_bВ 2-х т. : Опыт лучших пром. фирм США, Японии и стран Зап. Европы
_cВадим Владимирович Гончаров.
_nТ. 2
250 _a3-е доп. изд
257 _aRUS
260 Москва
_bМНИИПУ
_c1998
300 _c27 см
380 _a62
760 1 _aГончаров, Вадим Владимирович
_b3-е доп. изд
_d1998
_h784 с.
_tТ. 2
852 _aЦб ІІ 10398
856 4 _qpdf
_u
856 4 _qpdf
_u
942 _cKNG
_n0
944 _aCR
_c15.01.2003
_kКети_Илиева
944 _aED
_c23.06.2005
_k
999 _c36675
_d36675